Регионална библиотека "Любен Каравелов" - Русе

Болгария (Запис номер 398603)

MARC детайли
000 -Лидер
Контролно поле с фиксирана дължина nkm a22 a 4500
003 - Код на организацията, давaща контролен номер
Контролно поле BLK
005 - Дата и час на последна редакция
Контролно поле 20210216091557.0
008 - Елементи от данни с фиксирана дължина
fixed length control field 180412b bul rap|r|||| r0| ||bulo|
010 ## - Наследен системен номер
LC control number KNG00084074000
040 ## - Източник на каталожния запис
Идентификатор на билиотеката - собственик на записа BLK
041 ## - Код за език
Код за езика на текст/звукозапис или на отделно заглавие Руски
Код за езика КДБФ Руски
080 ## - УДК
Текстов определител УДК Социография. Социално положение. Условия на политическия и социалния живот. Социално и социално-икономическо положение на отделните страни, народи, раси. Социална география. (Общи въпроси)
УДК код - определител по УДК 308
УДК - код + определител 308(497.2)(084)
139 ## - Редно поле
Редна дума Болгария
Авторски знак Бол - Б 61
245 10 - Сведения за заглавието
Заглавие Болгария
Подзаглавни данни Двадцать лет по пути социалистического строительства
Редно поле (дума) [Состав.] Богомил Нонев и др.
257 ## - Страна на издаване
Страна на създаване/издаване България
260 ## - Област на издателските данни
Място на издаване, разпространение и проч. София
Име на издателя, разпространителя и проч. Наука и искусство
Година на издаване 1965
9 (RLIN) 212305
300 ## - Физическа характеристика
Страници 276 с.
Илюстрации и др. със сн.
Размери/Мащаб 37 см
380 ## - Жанр
Жанр Обществени науки
501 ## - Забележка „подвързано към”
Забележка: Подвързано към... Др. състав.: Крум Василев и Вл. Димчев.
650 #0 - Допълнително описание по предмет – тема
Основно описание – тема или топоним Социалистическо строителство - България - албуми
9 (RLIN) 438511
653 ## - Ключова дума – ненормативна
Ключова дума България
653 #7 - Ключова дума – ненормативна
Ключова дума социалистическо общество
9 (RLIN) 196993
653 #0 - Ключова дума – ненормативна
Ключова дума снимкови албуми
9 (RLIN) 401783
700 ## - Други автори (авторска отговорност)
9 (RLIN) 1478
Лично име Нонев, Богомил
Автороска отговорност (Описва отношението между автора и произведението) състав.
852 ## - Местоположение
Форматна сигнатура Цб ІІ 26337
Фондова буква Хранилище
999 ## - СИСТЕМНИ КОНТРОЛНИ НОМЕРА
Koha biblionumber 398603
Koha biblioitemnumber 398603
942 ## - АРТИКУЛИ
Вид на библиотечния материал Графични издания
Скрит в OPAC Не
Периодичен библиозапис Да
944 ## - СЪЗДАВАНЕ И РЕДАКЦИЯ на ЗАПИСА
Създаване/Редакция Създаване
Дата на регистрацията/редакция 2021-02-16
Служител, извършил регистрацията/редакцията Кети
Наличности
Код за отписване Код за изгубен артикул Източник на класификационната схема Код за повреда Коз за рестрикции Код за отдаване Артикулен № Име на библиотеката - собственик Име на библиотеката, в която се намира в момента Статус (Текущо местоположение) Дата на вписване в системата Местоположение - отдел Цена в лева Инвентарен номер Систематично азбучна сигнатура Баркод Цена в евро Служебен тип на артикула
  Не е изгубен Universal Decimal Classification Не е повреден само за читалня ползва се в читалня 812536 Регионална библиотека "Любен Каравелов" Русе Регионална библиотека "Любен Каравелов" Русе Хранилище 2021-02-17 Хранилище 2.11 12503/65 Цб ІІ 26337 900000039673 1.08 Графични издания
Vip Innovations Ltd, Rousse, Bulgaria 2025